Responses for Show #3534 - Thursday, January 6, 2000

Contestants

[<< previous game]

Mike Monday, a legal staffing specialist originally from Brookfield, Wisconsin

Jimmy Vollman, an actor from Glendale, California

Marc Hirsh, a study abroad program coordinator from Indianapolis, Indiana (whose 1-day cash winnings total $800)

[next game >>]

Jeopardy! Round responses

NUMBERS
'65
FORE!
THREE
TWO
(Alex: We will name a businessman, you have to identify his famous partner.)
JUAN
    $100 7
Moses

Jimmy
    $100 1
Soviet Union & China

Jimmy
    $100 2
Tiger Woods

Mike
    $100 21
Three men in a tub

Marc
    $100 16
Adolphus Busch

Marc
    $100 26
Juan Peron

Mike
    $200 8
(Marc: What is No. 3?)
(Jimmy: What is fifth?)

Fourth

MarcJimmyMike
    $200 12
The Salvation Army

Marc
    $200 3
The Masters

Mike
    $200 22
Three of a kind

Mike
    $200 17
John Myers

Mike
    $200 27
Florida

Marc
    $300 9
(Mike: Who is Joseph?)

Joshua

Mike
Triple Stumper
    $300 13
Hubert H. Humphrey

Triple Stumper
    $300 4
Fairway

Jimmy
    $300 23
"The Big Three"

Marc
    $300 18
Guy Day

Triple Stumper
    $300 30
Bullfighting

Marc
    $400 10
Levites

Mike
    $500 14
UNICEF

Marc
    $400 5
Bunker

Jimmy
    $400 24
(Alex: With a minute to go.)

Three Mile Island

Marc
    $400 19
Harold Stratton

Jimmy
    $400 29
Texas Rangers (now with the Tigers)

Mike
    $500 11
Aaron

Marc
    $500 15
(Mike: What is Ford?)

Oldsmobile

JimmyMike
    $500 6
St. Andrews

Jimmy
    $500 25
"The Threepenny Opera"

Jimmy
    $500 20
(Marc: Who is Gabbano?)

Stefano Gabbana

Marc
Triple Stumper
    $500 28
Juan Gabriel

Triple Stumper

Scores at the first commercial break (after clue 14):

Marc Jimmy Mike
$1,000 $1,200 $600

Scores at the end of the Jeopardy! Round:

Marc Jimmy Mike
$1,900 $2,600 $1,000

Double Jeopardy! Round responses

KOREA
"NEVER" AT THE MOVIES
POLAR EXPLORATION
AIRPORT CODES
(Alex: You have to identify the city.)
THAT'S NO LADY...
DOUBLE A
    $200 26
Hyundai

Jimmy
    $200 1
Never Give a Sucker an Even Break

Mike
    $200 11
Eskimos

Jimmy
    $200 16
Atlanta

Marc
    $200 6
Carroll O'Connor

Marc
    $200 21
Saab

Mike
    $400 27
Buddha

Mike
    $400 2
Never Been Kissed

Marc
    $400 12
Penguins

Jimmy
    $400 17
Brussels

Mike
    $400 7
Abbie Hoffman

Marc
    $400 22
Maam

Marc
    $800 28
Taekwondo

Mike
    $600 3
(Jimmy: What is Never Talk to Strangers?)

I Never Promised You a Rose Garden

Jimmy
Triple Stumper
    $600 13
Arctic Ocean

Jimmy
    $600 18
Copenhagen

Mike
    $600 8
Rosie (Roosevelt) Grier

Mike
    $600 23
(Marc: Who is Aaron?)

Balaam

Marc
Triple Stumper
    $800 29
Kimchi

Jimmy
    $800 4
The NeverEnding Story

Marc
    $800 14
(Mike: Who is Byrd?)
(Mark: Who is Scott?)

Roald Amundsen

MarcMike
Triple Stumper
    $800 19
Paris (Orly)

Mike
    $800 9
Gale Gordon

Jimmy
    $800 24
Saarinen

Marc
    $1000 30
Pusan

Jimmy
    $1000 5
(Mike: What is "Never Say Never Again" & "Never Say Die?")

Never Say Never Again & Tomorrow Never Dies

MarcMike
    $1000 15
(Jimmy: Who is Byrd?)

Ernest Shackleton

Jimmy
Triple Stumper
    $1000 20
Minneapolis-St. Paul

Marc
    $1000 10
Mandy Patinkin

Marc
    $1000 25
(Marc: What is the Transvaal?)

Vaal River

Marc
Triple Stumper

Scores at the end of the Double Jeopardy! Round:

Marc Jimmy Mike
$5,700 $5,000 $3,200

[wagering suggestions for these scores]

Final Jeopardy! Round responses

NONFICTION AUTHORS
MikeWho is Dr. Spock
$2,501
JimmyWho is Fromm
$4,401
MarcWho is Hersey?
$4,400
Dr. Benjamin Spock ("Baby and Child Care")

Final scores:

Marc Jimmy Mike
$1,300 $599 $5,701
2nd place: Trip to Aruba Sonesta Resort at Seaport Village 3rd place: Panasonic Palmcam Digital Camera New champion: $5,701

Game dynamics:

Coryat scores:

Marc Jimmy Mike
$5,600 $5,000 $3,000
19 R
(including 2 DDs),
5 W
15 R,
3 W
16 R
(including 1 DD),
4 W

Combined Coryat: $13,600

[game clues] [game scores] [suggest correction]

Game tape date: 1999-11-03
The J! Archive is created by fans, for fans. Scraping, republication, monetization, and malicious use prohibited; this site may use cookies and collect identifying information. See terms. The Jeopardy! game show and all elements thereof, including but not limited to copyright and trademark thereto, are the property of Jeopardy Productions, Inc. and are protected under law. This website is not affiliated with, sponsored by, or operated by Jeopardy Productions, Inc. Join the discussion at JBoard.tv.